000 00386 a2200169 4500
001 71156
020 _a8516036405
040 _cAnchieta - Colégio São Paulo
100 _aCosta, Wagner
240 1 0 _aOs bigodes do palhaço
_lpor
245 1 0 _aOs bigodes do palhaço
300 _a48
362 0 _a2003
440 1 _aModerna
650 4 _aLiteratura infanto-juvenil
942 _cBK
999 _c71156
_d71156